eWinner 2 liga 2019/2020 - Statystyki

Ogólne statystyki
  • Ten quiz został rozwiązany 7 razy
  • Średni wynik to 6 z 18
Statystyki odpowiedzi
Hint Odpowiedź % Poprawnych
59p GKS Katowice
83%
46p Stal Stalowa Wola
83%
48p Górnik Polkowice
67%
47p Lech Poznań II
50%
59p Widzew Łódź
50%
50p Garbarnia Kraków
33%
63p Górnik Łęczna
33%
14p Gryf Wejherowo
33%
52p Resovia Rzeszów
33%
51p Stal Rzeszów
33%
50p Olimpia Elbląg
17%
49p Pogoń Siedlce
17%
49p Znicz pruszków
17%
47p Błękitni Stargard
0%
52p Bytovia Bytów
0%
41p Elana Toruń
0%
24p Legionowo
0%
47p Skra Częstochowa
0%
Nie znaleziono quizów pasujących do podanych kryteriów
Rozkład punktacji
Procent ludzi z każdym wynikiem
Percentyl według liczby udzielonych odpowiedzi
Twoja historia wyników
Nie rozwiązałeś tego quizu